Google Translate Languages - Statistics

General Stats
  • This quiz has been taken 42 times
  • The average score is 134 of 239
Answer Stats
Native name Language % Correct
Afrikaans Afrikaans
100%
اَلْعَرَبِيَّةُ Arabic
100%
Azərbaycanca Azerbaijani
97%
中文 Chinese
93%
Latviešu Latvian
93%
Lietuvių Lithuanian
93%
বাংলা Bengali
90%
Dansk Danish
90%
Nederlands Dutch
90%
English English
90%
Tagalog Filipino
90%
Suomi Finnish
90%
Français French
90%
Deutsch German
90%
Ελληνικά Greek
90%
Hmoob Hmong
90%
日本語 Japanese
90%
Latina Latin
90%
Bahasa Melayu Malay
90%
Norsk Norwegian
90%
Polski Polish
90%
Rromani ćhib Romani
90%
Русский Russian
90%
Svenska Swedish
90%
ไทย Thai
90%
Català Catalan
87%
Hrvatski Croatian
87%
Eesti Estonian
87%
Ga
87%
עִבְרִית Hebrew
87%
Magyar Hungarian
87%
Bahasa Indonesia Indonesian
87%
Gaeilge Irish
87%
Italiano Italian
87%
한국어 Korean
87%
Português Portuguese
87%
Slovenčina Slovak
87%
Slovenski Slovenian
87%
Español Spanish
87%
Shqip Albanian
83%
հայերեն Armenian
83%
Беларуская Belarusian
83%
廣東話 Cantonese
83%
Čeština Czech
83%
Hausa Hausa
83%
हिन्दी Hindi
83%
Íslenska Icelandic
83%
Қазақша Kazakh
83%
کوردی / Kurdî Kurdish
83%
Македонски Macedonian
83%
Māori Maori
83%
Монгол Mongolian
83%
پښتو Pashto
83%
فارسی Persian
83%
Română Romanian
83%
Српски Serbian
83%
Türkçe Turkish
83%
Українська Ukrainian
83%
አማርኛ Amharic
80%
Euskara Basque
80%
Български Bulgarian
80%
မြန်မာဘာသာ Burmese
80%
Ìgbò Igbo
80%
Кыргызча Kyrgyz
80%
Lombard Lombard
80%
Lëtzebuergesch Luxembourgish
80%
नेपाली Nepali
80%
اردو Urdu
80%
Tiếng Việt Vietnamese
80%
isiXhosa Xhosa
80%
Bosanski Bosnian
77%
Esperanto Esperanto
77%
Malagasy Malagasy
77%
Malti Maltese
77%
Sicilianu Sicilian
77%
Soomaali Somali
77%
isiZulu Zulu
77%
ქართული Georgian
73%
ខ្មែរ Khmer
73%
ລາວ Lao
73%
Occitan Occitan
73%
Gagana Sāmoa Samoan
73%
Тоҷикӣ Tajik
73%
Türkmençe Turkmen
73%
O'zbekcha Uzbek
73%
Corsu Corsican
70%
ʻŌlelo Hawaiʻi Hawaiian
70%
Kiswahili Swahili
70%
தமிழ் Tamil
70%
Cymraeg Welsh
70%
Yorùbá Yoruba
70%
Frysk Frisian
67%
Kreyòl ayisyen Haitian Creole
67%
Lìgure Ligurian
67%
Kreol Morisien Mauritian Creole
67%
ਪੰਜਾਬੀ / پنجابی Punjabi
67%
Tok Pisin Tok Pisin
67%
Lea faka-Tonga Tongan
67%
རྫོང་ཁ Dzongkha
63%
Oromoo Oromo
63%
reo Tahiti Tahitian
63%
Tetun Tetum
63%
Wolof Wolof
63%
יידיש Yiddish
63%
Авар Avar
60%
Aymar aru Aymara
60%
Føroyskt Faroese
60%
Galego Galician
60%
ગુજરાતી Gujarati
60%
Lingála Lingala
60%
मराठी Marathi
60%
siSwati Swazi
60%
తెలుగు Telugu
60%
Setswana Tswana
60%
Vèneto Venetian
60%
Brezhoneg Breton
57%
Chichewa Chewa
57%
Na Vosa Vaka-Viti Fijian
57%
Kituba Kituba
57%
Limburgs Limburgish
57%
བོད་ཡིག Tibetan
57%
Twi Twi
57%
Аҧсуа Abkhaz
53%
Qafar Afar
53%
دری Dari
53%
Ilokano Ilocano
53%
ꦧꦱꦗꦮ Javanese
53%
Ikinyarwanda Kinyarwanda
53%
Kikongo Kongo
53%
മലയാളം Malayalam
53%
Sepedi Northern Sotho
53%
Runa Simi Quechua
53%
Sängö Sango
53%
chiShona Shona
53%
Татарча Tatar
53%
Tiv Tiv
53%
Xitsonga Tsonga
53%
Tshivenḓa Venda
53%
Acèh Acehnese
50%
অসমীয়া Assamese
50%
بلوچی Balochi
50%
Bikol Bikol
50%
ދިވެހި Dhivehi
50%
Kreol Seselwa Seychellois Creole
50%
ትግሪኛ Tigrinya
50%
ئۇيغۇرچە Uyghur
50%
Betawi Betawi
47%
Нохчийн Chechen
47%
ChiDombe Dombe
47%
Kalaallisut Greenlandic
47%
ಕನ್ನಡ Kannada
47%
Khasi Khasi
47%
Gaelg Manx
47%
Ebon Marshallese
47%
Minangkabau Minang
47%
Mizo ṭawng Mizo
47%
සිංහල Sinhala
47%
isiNdebele seSewula Southern Ndebele
47%
Буряад Buryat
43%
Коми Komi
43%
संस्कृतम् Sanskrit
43%
Удмурт Udmurt
43%
Башҡортса Bashkir
40%
Fɔ̀ngbè Fon
40%
Ilonggo Hiligaynon
40%
ᐃᓄᒃᑎᑐᑦ Inuktitut
40%
Latgalīšu Latgalian
40%
Oluganda Luganda
40%
मैथिली Maithili
40%
Papiamentu Papiamento
40%
Gàidhlig Scottish Gaelic
40%
Sesotho Southern Sotho
40%
Ichibemba Bemba
37%
Чӑвашла Chuvash
37%
Jaku Iban Iban
37%
Tshilubà Luba
37%
Dholuo Luo
37%
ଓଡ଼ିଆ Odia
37%
Pangasinan Pangasinan
37%
سنڌي Sindhi
37%
ᮞᮥᮔ᮪ᮓ Sundanese
37%
Dhu'alur Alur
33%
भोजपुरी Bhojpuri
33%
Sinugboanon Cebuano
33%
Qırımtatarca Crimean Tatar
33%
Kapampangan Kapampangan
33%
Qyool Mam Mam
33%
Qʼeqchiʼ Q'eqchi
33%
Ikirundi Rundi
33%
ⵜⴰⵎⴰⵣⵉⵖⵜ Tamazight
33%
Chitumbuka Tumbuka
33%
ᬩᬲᬩᬮᬶ Balinese
30%
Bamanankan Bambara
30%
Chamoru Chamorro
30%
Eʋegbe Ewe
30%
Furlan Friulian
30%
Hunsrik Hunsrik
30%
Chiga Kiga
30%
Madhurâ Madurese
30%
Тыва дыл Tuvan
30%
अवधी Awadhi
27%
Chuuk Chuukese
27%
Fulɓe Fulani
27%
Avañeʼẽ Guarani
27%
လိၵ်ႈတႆး Shan
27%
Саха тыла Yakut
27%
Patwa Jamaican Patois
23%
कोंकणी Konkani
23%
Ирон Ossetian
23%
Winaray Waray
20%
Acoli Acholi
17%
Thuɔŋjäŋ Dinka
17%
Jinghpaw Jingpo
17%
ꯃꯩꯇꯩꯂꯣꯟ Meitei
17%
Ślůnski Silesian
17%
Sosoxui Susu
17%
ತುಳು Tulu
17%
Bahasa Karo Batak Karo
13%
डोगरी Dogri
13%
ߖߎ߬ߟߊ߬ߞߊ߲ Dyula
13%
كَنُرِيِه Kanuri
13%
ᨅᨔ ᨆᨀᨔᨑ Makassarese
13%
Олык марий Meadow Mari
13%
chiNdawu Ndau
13%
Davvisámegiella Northern Sami
13%
Thok Naath Nuer
13%
ᱥᱟᱱᱛᱟᱲᱤ Santali
13%
Maya t'aan Yucatec Maya
13%
Simalungun Batak Simalungun
10%
ᯅᯖᯂ᯲ ᯖᯬᯅ Batak Toba
10%
ককবরক‎ Kokborok
10%
मारवाड़ी Marwari
10%
𑐣𑐾𑐥𑐵𑐮 𑐨𑐵𑐳𑐵 Newari
10%
Diidxazá Zapotec
10%
Wawle Baoulé
7%
Laiholh Hakha Chin
7%
ߒߞߏ NKo
7%
Krio Sierra Leonean Creole
7%
Mexkatl Huasteca Nahuatl
3%
No matching quizzes found
Score Distribution
Percent of People with Each Score
Percentile by Number Answered
Your Score History
You have not taken this quiz